| 000 | 01174nam a22002297a 4500 | ||
|---|---|---|---|
| 008 | 081007t xxu||||| |||| 00| 0 mar | ||
| 010 | _aMAR-20008 | ||
| 020 | _c200.00 | ||
| 035 | _aMR-12666 | ||
| 037 | _bD.B.Act /pub | ||
| 082 | _a891.46309 | ||
| 100 | _aलांजेवार, ज्योती | ||
| 245 |
_aमराठी दलित कादंबरीताल स्त्री-चित्रण / _cज्योती लांजेवार |
||
| 246 |
_aMarathi Dalit Kadambaritil Stri-chitran _bby Jyoti Lanjewar |
||
| 260 |
_aपुणे _bसुगावा प्रकाशन _c2008 |
||
| 270 |
_a562, सदाशिव पेठ _bपुणे _e30 _k24478263 _l24479228 |
||
| 300 |
_a264 पृ _c22सेमी (अजिल्द) |
||
| 650 | _aमराठी कादंबरी-समीक्षा | ||
| 650 | _aMarathi Fiction-Criticism | ||
| 942 |
_2ddc _cMR _mलांजेवा _h891.46309 |
||
| 999 |
_c20966 _d20966 |
||